Cooperation (Record no. 28766)

MARC details
000 -LEADER
fixed length control field 00260nam a2200109Ia 4500
082 ## - DEWEY DECIMAL CLASSIFICATION NUMBER
Classification number 334.1
Item number BAL
100 ## - MAIN ENTRY--AUTHOR NAME
Personal name BALAN, T S
245 #0 - TITLE STATEMENT
Title Cooperation
260 ## - PUBLICATION, DISTRIBUTION, ETC. (IMPRINT)
Place of publication Trichur
Name of publisher Cooperative college
Year of publication 1977
942 ## - ADDED ENTRY ELEMENTS (KOHA)
Koha item type Books
Holdings
Withdrawn status Lost status Damaged status Not for loan Home library Current library Date acquired Full call number Accession Number Koha item type
        RRII Library RRII Library 16/12/2021 334.1 BAL 09360 Books